Representations of animals on Greek and Roman engraved gems : meanings and interpretations /
A comprehensive study of the depictions of animals and their significance on Greek and Roman gems. The work examines the associations between animal depictions and the type of gemstone and its believed qualities. The study also compares the representation of animals on gems to larger media and analy...
المؤلف الرئيسي:
التنسيق: كتاب الكتروني
اللغة: English
منشور في:
Summertown, Oxford :
Archaeopress Publishing Ltd,
2018.
الموضوعات:
الوصول للمادة أونلاين: Login to view Source
الوسوم: إضافة وسم
رقم الطلب: NK5565
| LEADER | 01844nam a2200409 i 4500 | ||
|---|---|---|---|
| 001 | EDZ0001948292 | ||
| 003 | StDuBDS | ||
| 005 | 20230412182211.0 | ||
| 006 | m|||||o||d|||||||| | ||
| 007 | cr ||||||||||| | ||
| 008 | 180711s2018 enka fob 000|0|eng|d | ||
| 020 | |a 9781784918705 (ebook) : |c No price | ||
| 040 | |a StDuBDS |b eng |c StDuBDS |e rda |e pn | ||
| 050 | 4 | |a NK5565 | |
| 082 | 0 | 4 | |a 736.20938 |2 23 |
| 100 | 1 | |a Sagiv, Idit, |e author. | |
| 245 | 1 | 0 | |a Representations of animals on Greek and Roman engraved gems : |b meanings and interpretations / |c by Idit Sagiv. |
| 264 | 1 | |a Summertown, Oxford : |b Archaeopress Publishing Ltd, |c 2018. | |
| 300 | |a 1 online resource (vi, 198 pages) : |b illustrations (colour) | ||
| 336 | |a text |2 rdacontent | ||
| 336 | |a still image |2 rdacontent | ||
| 337 | |a computer |2 rdamedia | ||
| 338 | |a online resource |2 rdacarrier | ||
| 500 | |a Previously issued in print: 2018. | ||
| 504 | |a Includes bibliographical references. | ||
| 520 | 8 | |a A comprehensive study of the depictions of animals and their significance on Greek and Roman gems. The work examines the associations between animal depictions and the type of gemstone and its believed qualities. The study also compares the representation of animals on gems to larger media and analyses the differences. | |
| 521 | |a Specialized. | ||
| 588 | |a Description based on online resource; title from home page (viewed on October 8, 2018). | ||
| 650 | 0 | |a Gems, Classical. | |
| 650 | 0 | |a Gems, Hellenistic. | |
| 650 | 0 | |a Gems |z Rome. | |
| 650 | 0 | |a Animals in art. | |
| 776 | 0 | 8 | |i Print version : |z 9781784918699 |
| 856 | 4 | 0 | |3 Archaeopress |u http://library.arce.org:8087/Archaeopress/Products/9781784918699 |
| 942 | |2 lcc |c EBOOK | ||
| 952 | |0 0 |1 0 |4 0 |6 NK5565 |7 1 |9 46399 |a ARCH |b ARCH |d 2023-04-12 |l 0 |o NK5565 |r 2023-04-12 00:00:00 |w 2023-04-12 |y EBOOK | ||
| 999 | |c 52057 |d 52057 | ||
